<?xml version="1.0" encoding="UTF-8"?><?xml-stylesheet type="text/xsl" href="static/style.xsl"?><OAI-PMH xmlns="http://www.openarchives.org/OAI/2.0/" xmlns:xsi="http://www.w3.org/2001/XMLSchema-instance" xsi:schemaLocation="http://www.openarchives.org/OAI/2.0/ http://www.openarchives.org/OAI/2.0/OAI-PMH.xsd"><responseDate>2026-04-14T03:46:56Z</responseDate><request verb="GetRecord" identifier="oai:www.recercat.cat:2117/446395" metadataPrefix="marc">https://recercat.cat/oai/request</request><GetRecord><record><header><identifier>oai:recercat.cat:2117/446395</identifier><datestamp>2026-02-07T05:23:15Z</datestamp><setSpec>com_2072_1033</setSpec><setSpec>col_2072_452950</setSpec></header><metadata><record xmlns="http://www.loc.gov/MARC21/slim" xmlns:dcterms="http://purl.org/dc/terms/" xmlns:xsi="http://www.w3.org/2001/XMLSchema-instance" xmlns:doc="http://www.lyncode.com/xoai" xsi:schemaLocation="http://www.loc.gov/MARC21/slim http://www.loc.gov/standards/marcxml/schema/MARC21slim.xsd">
   <leader>00925njm 22002777a 4500</leader>
   <datafield ind2=" " ind1=" " tag="042">
      <subfield code="a">dc</subfield>
   </datafield>
   <datafield ind2=" " ind1=" " tag="720">
      <subfield code="a">Živanić, Milica</subfield>
      <subfield code="e">author</subfield>
   </datafield>
   <datafield ind2=" " ind1=" " tag="720">
      <subfield code="a">Espona Noguera, Albert</subfield>
      <subfield code="e">author</subfield>
   </datafield>
   <datafield ind2=" " ind1=" " tag="720">
      <subfield code="a">Privat Maldonado, Angela</subfield>
      <subfield code="e">author</subfield>
   </datafield>
   <datafield ind2=" " ind1=" " tag="720">
      <subfield code="a">Matušu, Patrik</subfield>
      <subfield code="e">author</subfield>
   </datafield>
   <datafield ind2=" " ind1=" " tag="720">
      <subfield code="a">Tampieri, Francesco</subfield>
      <subfield code="e">author</subfield>
   </datafield>
   <datafield ind2=" " ind1=" " tag="720">
      <subfield code="a">Ginebra Molins, Maria Pau</subfield>
      <subfield code="e">author</subfield>
   </datafield>
   <datafield ind2=" " ind1=" " tag="720">
      <subfield code="a">Lin, Abraham</subfield>
      <subfield code="e">author</subfield>
   </datafield>
   <datafield ind2=" " ind1=" " tag="720">
      <subfield code="a">Smits, Evelien</subfield>
      <subfield code="e">author</subfield>
   </datafield>
   <datafield ind2=" " ind1=" " tag="720">
      <subfield code="a">Bogaerts, Annemie</subfield>
      <subfield code="e">author</subfield>
   </datafield>
   <datafield ind2=" " ind1=" " tag="720">
      <subfield code="a">Canal Barnils, Cristina</subfield>
      <subfield code="e">author</subfield>
   </datafield>
   <datafield ind2=" " ind1=" " tag="260">
      <subfield code="c">2025-08-14</subfield>
   </datafield>
   <datafield ind2=" " ind1=" " tag="520">
      <subfield code="a">Oxidative stress-based therapies exploit common cancer traits—elevated reactive oxygen species and altered redox metabolism,—making tumors more susceptible to oxidative damage from, e.g., cold atmospheric plasma, an ionized gas containing reactive oxygen and nitrogen species (RONS). Plasma-treated hydrogels (PTH) emerge as vehicles for RONS delivery. Here, PTH are explored as single vehicle for the combined local delivery of RONS and Doxorubicin (Dox). Dox does not impair PTH function, and its IC50 is lowered in vitro; biological characterization and monotherapy comparison are conducted in ovo. Analysis of over 200 tumors, derived from liposarcoma SW872 or osteosarcoma 143B cell lines, reveals effects in the latter after a single PTH-Dox administration: synergistic GPX4 reduction, with the fraction of high cytoplasmic GPX4 cells dropping from 47% to 24%, and diminished average tumor weight, with multiple tumors (of smaller initial size) weighting 70% less than control. In contrast, mono-therapies enhanced the protective GPX4/NRF2 mRNA or protein expression. GPX4 is a ferroptosis inhibitor linked to therapy resistance. Observing effects after a single PTH-Dox hydrogel administration is exceptional, as indirect plasma treatment has until now required frequent dosing in complex tumor models. For clinical use, multimodal approaches are key, and PTHs offer a convenient platform.</subfield>
   </datafield>
   <datafield ind2=" " ind1=" " tag="520">
      <subfield code="a">The authors acknowledge Instituto de Salud Carlos III (ISCIII) and Next Generation EU funds through Project IHRC22/00003 SELLO EXCEL. ISCIII-HEALTH and MINECO though Project PID2022-141120OB-I00 funded by MCIU/AEI/10.13039/501100011033/FEDER, UE. MZ, AEN, and CC belong to the SGR2022-1368. Support for the research of CC was received through the ICREA Academia Award for excellence in research, funded by the Generalitat de Catalunya. The authors thank Generalitat de Catalunya for the Scholarship of MZ (2022 FI_B 00532) and COST Action CA20114 (Therapeutical Applications of Cold Plasmas) for the stimulating environment provided and for funding MZ's short-term scientific mission. This work was also partially funded by the Research Foundation—Flanders (FWO) and supported by the following Grant: G004524N (AB and APM) and by a donation of Dedert Schilde vzw (ES)</subfield>
   </datafield>
   <datafield ind2=" " ind1=" " tag="520">
      <subfield code="a">Peer Reviewed</subfield>
   </datafield>
   <datafield ind2=" " ind1=" " tag="520">
      <subfield code="a">Postprint (published version)</subfield>
   </datafield>
   <datafield tag="653" ind2=" " ind1=" ">
      <subfield code="a">Àrees temàtiques de la UPC::Enginyeria biomèdica::Biomaterials::Polímers en medicina</subfield>
   </datafield>
   <datafield tag="653" ind2=" " ind1=" ">
      <subfield code="a">Cold plasma</subfield>
   </datafield>
   <datafield tag="653" ind2=" " ind1=" ">
      <subfield code="a">Combinatorial treatment</subfield>
   </datafield>
   <datafield tag="653" ind2=" " ind1=" ">
      <subfield code="a">Doxorubicin</subfield>
   </datafield>
   <datafield tag="653" ind2=" " ind1=" ">
      <subfield code="a">Drug delivery</subfield>
   </datafield>
   <datafield tag="653" ind2=" " ind1=" ">
      <subfield code="a">Ferroptosis</subfield>
   </datafield>
   <datafield tag="653" ind2=" " ind1=" ">
      <subfield code="a">Sarcoma</subfield>
   </datafield>
   <datafield ind2="0" ind1="0" tag="245">
      <subfield code="a">Plasma-treated hydrogel for combined RONS and chemotherapy delivery: a proof-of-concept in Ovo</subfield>
   </datafield>
</record></metadata></record></GetRecord></OAI-PMH>